000
00349nam a2200133Ia 4500
008
230917s9999||||xx |||||||||||||| ||und||
040
_e
181988
_a
MAIN
041
_a
English
082
_a
891.433721 GK123D
100
_a
गहलौत, खेताराम
245
0
_a
दौलत के जख्म
300
_a
166 पृ. p.
942
_c
HN
999
_c
36352
_d
36352